| 000 | 00612nam a2200217 4500 | ||
|---|---|---|---|
| 003 | OSt | ||
| 005 | 20240704012231.0 | ||
| 006 | a | ||
| 008 | 240704b |||||||| |||| 00| 0 eng d | ||
| 020 | _a9780071284653 | ||
| 040 |
_aDWCL-HMN lib. _cOC |
||
| 082 | _aCirc. 612 T217s 2009 | ||
| 100 | _aTate, Philip | ||
| 245 | _aSeeley’s principles of anatomy and physiology / | ||
| 260 |
_aBoston : _bMcGraw-Hill, _cc2009. |
||
| 300 |
_axix, _b(various paging) : col. ill. ; _c27 cm. |
||
| 504 | _aIncludes index. | ||
| 650 | _a1. Human anatomy. | ||
| 650 | _a2. Physiology. | ||
| 942 |
_2ddc _n0 _cBK-CIRC _kCirc. |
||
| 999 |
_c1913 _d1913 |
||